La Cartuja de Jerez / (Record no. 77370)
[ view plain ]
| 000 -LEADER | |
|---|---|
| campo de control de longitud fija | 00664nam a2200181 i 4500 |
| 001 - NÚMERO DE CONTROL | |
| campo de control | 77370 |
| 003 - IDENTIFICADOR DE NÚMERO DE CONTROL | |
| campo de control | ES-MaACL |
| 005 - FECHA Y HORA DE LA ÚLTIMA TRANSACCIÓN | |
| campo de control | 20230906173200.0 |
| 007 - CAMPO FIJO DE DESCRIPCIÓN FÍSICA--INFORMACIÓN GENERAL | |
| campo de control de longitud fija | t| |
| 008 - DATOS DE LONGITUD FIJA--INFORMACIÓN GENERAL | |
| campo de control de longitud fija | 041008s1924 sp ||||1| spa d |
| 100 1# - ENTRADA PRINCIPAL--NOMBRE DE PERSONA | |
| Nombre de persona | Gutiérrez de Quijano y López, Pedro. |
| 9 (RLIN) | 61125 |
| 245 13 - MENCIÓN DEL TÍTULO | |
| Título | La Cartuja de Jerez / |
| Mención de responsabilidad, etc. | Pedro Gutiérrez de Quijano y López ; con una carta prólogo de Pelayo Quintero y Ataurí. |
| 260 ## - PUBLICACIÓN, DISTRIBUCIÓN, ETC. | |
| Lugar de publicación, distribución, etc. | Jerez : |
| Nombre del editor, distribuidor, etc. | [s.n., |
| Fecha de publicación, distribución, etc. | 1924] ( |
| Fabricante | Litografía jerezana) |
| 300 ## - DESCRIPCIÓN FÍSICA | |
| Extensión | 178 p., 18 lám. ; |
| Dimensiones | 25 cm. |
| 610 24 - PUNTO DE ACCESO ADICIONAL DE MATERIA--NOMBRE DE ENTIDAD CORPORATIVA | |
| Nombre de entidad corporativa o nombre de jurisdicción como elemento de entrada | Cartuja de Santa María de la Defensión (Jerez de la Frontera) |
| 9 (RLIN) | 158465 |
| 700 0# - ENTRADA AGREGADA--NOMBRE PERSONAL | |
| Nombre de persona | Quintero Atauri, Pelayo. |
| 9 (RLIN) | 94723 |
| 852 ## - LOCALIZACIÓN | |
| Ubicación | ES-MaACL |
| Número de control de estantería | F-6745 |
| Estatus retirado | Estado de pérdida | Estado de daño | No para préstamo | Biblioteca de origen | Biblioteca actual | Ubicación en estantería | Fecha de adquisición | Fuente de adquisición | Total de préstamos | Signatura topográfica completa | Código de barras | Visto por última vez | Precio de reemplazo | Tipo de ítem Koha |
|---|---|---|---|---|---|---|---|---|---|---|---|---|---|---|
| Biblioteca del Ateneo de Madrid | Biblioteca del Ateneo de Madrid | Depósito 2 | 17/01/2008 | F-6745 | 1080951 | 23/02/2023 | 23/02/2023 | Libro impreso |
